000 00481nam a2200181Ia 4500
005 20250326130013.0
008 250326s9999 xx 000 0 und d
037 _aTextbook
040 _aFMSL
_beng
_cFMSL
041 _aeng
_2eng
084 _aX:74 N1
_qFMSL
100 _aDegroot M H
_9740016
245 0 _aOptimal statestical deasion
_cDegroot M H
260 _aNY
_bNY, McGraw-Hill
_c1971
300 _a487p
942 _cTB
_hX:74 N1
999 _c1280526
_d1280526